000 01949cam a22004574i 4500
003 PE-LiUPU
005 20250731172720.0
008 150617s r 000 0 d
035 _a(Sirsi) a11035
040 _aPE-LiUPU
_bspa
_cPE-LiUPU
_erda
049 _aPRUA
082 0 4 _a226.5
_bD53
_221
100 1 _ade la Croix, Paul Marie,
_eautor.
245 1 0 _aTestimonio Espiritual del Evangelio de San Juan /
_cPaul Marie de la Croix.
264 1 _aMadrid :
_bRialp,
_c1966.
300 _a522 páginas ;
_c23 cm.
336 _atext
_2rdacontent
337 _aunmediated
_2rdamedia
338 _avolume
_2rdacarrier
490 0 _aBiblioteca de Teología ;
_v7
505 0 _aLa formación espiritual del evangelista -- El Evangelio espiritual -- El prólogo -- El Verbo de verdad -- El Verbo hecho carne -- La figura de Cristo -- Cristo vida -- Cristo luz -- Cristo, revelado del Padre y el Evangelio de la adopción -- El Espíritu Santo -- La fe -- Atracción divina y respuesta humana -- Cristo y la fe -- La Pascua -- El sacrificio -- La unión -- El regreso al Padre y la Unidad -- La pasión y la Madre del Redentor -- Bajo la guía del Espíritu -- El Espíritu y el alma -- El Espíritu y la esposa.
526 _aSEG42
526 _aSEG41
526 _aSEG40
526 _aSEG39
526 _aP94
526 _aP87
526 _aP86
526 _aP85
526 _aP77
526 _aP76
526 _aP35
630 _aBiblia
_pN.T.
_pJuan
_xComentarios.
910 _ajck
_bjvq
_cjck
_d20150616
942 _2ddc
_cBOOK
949 _a226.5 D53
_wDEWEY
_c1
_i12672
_lCCODEBUL1
_mBUL
_p00.00
_r0
_sY
_tBOOK
_u19750612
_xTEOLOGIA
_PP35
_0COMPRA
_o.STAFF. Colección General
994 _aC0
_bPEPRU
596 _a1
999 _a226.5 D53
_wDEWEY
_c1143
_i12672
_d1143
_f2021-11-9
_g5
_lCCODEBUL1
_mBUL
_q2
_r0
_sY
_tBOOK
_u2015-6-17
_xTEOLOGIA
_PP35
_0COMPRA
_o.STAFF. Colección General
980 _81
_gALBERTO SANCHEZ Responsable de Automatización